| 000 | 00595nam a2200241Ia 4500 | ||
|---|---|---|---|
| 001 | Z_5869 | ||
| 003 | CHAP | ||
| 008 | 220113s2008 xx 000 0 und d | ||
| 010 | _a169077 | ||
| 040 | _cCHAP | ||
| 082 | _a636.085 C6 2008 | ||
| 111 |
_aCongreso Latinoamericano de Nutrición Animal (3 : Cancún, Q. Roo : 2008) _9143393 |
||
| 245 | _aMemorias | ||
| 260 |
_aCancún, Q. Roo : _bAMENA, _c2008 |
||
| 300 | _a586 p. | ||
| 650 |
_aNutrición animal _xCongresos _982277 |
||
| 901 | _a636.085 C6 2008 | ||
| 902 | _aA | ||
| 910 | _a2008 | ||
| 942 | _c1 | ||
| 942 | _cc1 | ||
| 999 |
_c169077 _d169077 |
||